[Event "XXIX Memorial Edoardo Crespi A"]
[Site "Milano ITA"]
[Date "2008.12.08"]
[Round "3"]
[White "Battistella, Stefano"]
[Black "Loehnhardt, Benjamin"]
[Result "1-0"]
[WhiteElo "2088"]
[BlackElo "2113"]
[PlyCount "92"]
[EventDate "2008.12.06"]

1. g3 d5 2. Bg2 Nf6 3. Nf3 b6 4. c4 Bb7 5. O-O e6 6. d4 c6 7. b3 Be7 8. Bb2 O-O
9. Qc2 Qc8 10. Nbd2 dxc4 11. bxc4 c5 12. e3 Rd8 13. Rac1 cxd4 14. exd4 Nc6 15.
Rfe1 Qd7 16. Bh3 Qc7 17. a3 Na5 18. Ne5 Bd6 19. Nxf7 Kxf7 20. Bxe6+ Kf8 21. d5
Bc8 22. Qf5 Bxe6 23. Rxe6 Kg8 24. Bxf6 gxf6 25. Ne4 Bxa3 26. Nxf6+ Kh8 27. Rce1
Rf8 28. Re7 Rf7 29. Rxc7 Rxc7 30. Qe5 Rf7 31. Re4 Bf8 32. Nh5+ Bg7 33. Nxg7
Rxg7 34. Rg4 Rag8 35. Rxg7 Rxg7 36. Qe8+ Rg8 37. Qe5+ Rg7 38. Qb8+ Rg8 39. Qxa7
Nxc4 40. Qa6 Nd6 41. Qxb6 Rg6 42. Qd8+ Kg7 43. Qe7+ Kh6 44. f4 Nc4 45. Qh4+ Kg7
46. f5 Rf6 1-0

[Event "XXIX Memorial Edoardo Crespi A"]
[Site "Milano ITA"]
[Date "2008.12.08"]
[Round "3"]
[White "Bove, Alessandro"]
[Black "Sulashvili, Malkhaz"]
[Result "1-0"]
[WhiteElo "2246"]
[BlackElo "2495"]
[PlyCount "93"]
[EventDate "2008.12.06"]

1. e4 c6 2. d4 d5 3. exd5 cxd5 4. Bd3 Nc6 5. c3 Qc7 6. Ne2 Bg4 7. f3 Bd7 8. Na3
a6 9. Qb3 e5 10. Qxd5 Be6 11. Qe4 Nf6 12. Qh4 Bxa3 13. bxa3 exd4 14. cxd4 Bf5
15. Bxf5 Qa5+ 16. Bd2 Qxf5 17. Qg5 Qd3 18. Rd1 Qg6 19. Qe3+ Kf8 20. O-O Re8 21.
Nf4 Qc2 22. Qb3 Qxb3 23. axb3 g5 24. d5 gxf4 25. dxc6 bxc6 26. Bc3 Re6 27. Rd8+
Kg7 28. Rxh8 Kxh8 29. Rd1 Kg7 30. Rd4 Kg6 31. Rxf4 Nd5 32. Rg4+ Kf5 33. Bd2 Re2
34. Rd4 Ne3 35. Rd3 Kf4 36. Bxe3+ Rxe3 37. Rxe3 Kxe3 38. b4 Kd4 39. Kf2 c5 40.
bxc5 Kxc5 41. h4 a5 42. g4 Kd4 43. h5 a4 44. g5 Ke5 45. Kg3 Kf5 46. f4 f6 47.
g6 1-0

[Event "XXIX Memorial Edoardo Crespi A"]
[Site "Milano ITA"]
[Date "2008.12.08"]
[Round "3"]
[White "Cazzaniga, Walter"]
[Black "Calella, Sergio"]
[Result "1-0"]
[WhiteElo "2160"]
[BlackElo "2132"]
[PlyCount "72"]
[EventDate "2008.12.06"]

1. d4 Nf6 2. c4 c5 3. d5 d6 4. Nc3 g6 5. e4 Bg7 6. h3 O-O 7. Nf3 Na6 8. Bd3 Nc7
9. O-O a6 10. a4 b6 11. Re1 Bd7 12. e5 Nfe8 13. Bf4 dxe5 14. Nxe5 Nd6 15. Qf3
Re8 16. Qg3 Rb8 17. Rad1 Qc8 18. h4 Rb7 19. h5 Nf5 20. Bxf5 Bxf5 21. Nc6 Ne6
22. hxg6 hxg6 23. dxe6 Qxc6 24. exf7+ Kxf7 25. Be5 Bxe5 26. Qxe5 Qc7 27. Qd5+
e6 28. Qf3 Rh8 29. Ne4 Rbb8 30. Nd6+ Kg8 31. g4 Rh6 32. Qg3 Qc6 33. f3 Bc2 34.
Rd2 e5 35. Rxe5 Bxa4 36. Re4 36... Rf8 {...} 1-0

[Event "XXIX Memorial Edoardo Crespi A"]
[Site "Milano ITA"]
[Date "2008.12.08"]
[Round "3"]
[White "Crippa, Gabriele"]
[Black "Borin, Fabio"]
[Result "0-1"]
[WhiteElo "2080"]
[BlackElo "2130"]
[PlyCount "56"]
[EventDate "2008.12.06"]

1. d4 d5 2. Bf4 c6 3. e3 Qb6 4. Bd3 Qxb2 5. Nd2 Nf6 6. Ngf3 Nbd7 7. O-O e6 8.
Rb1 Qa3 9. Bc7 b6 10. Ne5 Ba6 11. Rb3 Qa4 12. Nb1 Bxd3 13. Qxd3 Nxe5 14. Bxe5
Nd7 15. Nd2 Nxe5 16. dxe5 Be7 17. f4 g6 18. c4 Rd8 19. cxd5 Rxd5 20. Qc2 Rc5
21. Qb2 O-O 22. Nf3 Ra5 23. Ra1 Rd8 24. h4 Bc5 25. Kh2 Bxe3 26. Rb4 Qa3 27.
Qxa3 Rxa3 28. g3 Rdd3 0-1

[Event "XXIX Memorial Edoardo Crespi A"]
[Site "Milano ITA"]
[Date "2008.12.08"]
[Round "3"]
[White "Damia, Angelo"]
[Black "Pedini, Dario"]
[Result "1/2-1/2"]
[WhiteElo "2221"]
[BlackElo "2123"]
[PlyCount "28"]
[EventDate "2008.12.06"]

1. e4 e5 2. Nf3 Nc6 3. Nc3 Nf6 4. a3 d5 5. exd5 Nxd5 6. Bb5 Nxc3 7. bxc3 Bd6 8.
O-O O-O 9. d4 exd4 10. cxd4 Bg4 11. c3 Qf6 12. h3 Bxf3 13. Qxf3 Qxf3 14. gxf3
Ne7 1/2-1/2

[Event "XXIX Memorial Edoardo Crespi A"]
[Site "Milano ITA"]
[Date "2008.12.08"]
[Round "3"]
[White "Galli, Fabio"]
[Black "Profumo, Alberto"]
[Result "1/2-1/2"]
[WhiteElo "2052"]
[BlackElo "2231"]
[PlyCount "95"]
[EventDate "2008.12.06"]

1. c4 Nf6 2. Nf3 g6 3. g3 Bg7 4. Bg2 d5 5. cxd5 Nxd5 6. O-O O-O 7. Nc3 Nb6 8.
d3 Nc6 9. Be3 h6 10. Rc1 e5 11. Qd2 Kh7 12. Bc5 Re8 13. Rfd1 Be6 14. b3 Nd7 15.
Ba3 Rb8 16. e3 a6 17. h3 Nb6 18. d4 exd4 19. Nxd4 Nxd4 20. exd4 c6 21. Ne4 Bd5
22. Nc3 Bxg2 23. Kxg2 Nd5 24. Kg1 Qd7 25. Nxd5 Qxd5 26. Rc5 Qf3 27. Rc3 Qf5 28.
Kh2 Rbd8 29. Rc5 Rd5 30. Rxd5 Qxd5 31. Qd3 Rd8 32. Bc5 Re8 33. Ba3 h5 34. Bc1
Rd8 35. Re1 Rd7 36. Be3 c5 37. Qc4 cxd4 38. Qxd5 Rxd5 39. Bd2 Re5 40. Kg2 f5
41. Kf3 Rxe1 42. Bxe1 Kg8 43. Ke2 Kf7 44. Kd3 b5 45. f4 Ke6 46. h4 Kd5 47. b4
Bf8 48. Bd2 1/2-1/2

[Event "XXIX Memorial Edoardo Crespi A"]
[Site "Milano ITA"]
[Date "2008.12.08"]
[Round "3"]
[White "Gamboa, Miguel"]
[Black "Brigati, Alessandro"]
[Result "1-0"]
[WhiteElo "2231"]
[BlackElo "2090"]
[PlyCount "55"]
[EventDate "2008.12.06"]

1. d4 Nf6 2. c4 g6 3. Nc3 Bg7 4. e4 d6 5. Be2 Nbd7 6. Be3 e5 7. d5 b6 8. Qd2
Nc5 9. f3 a5 10. O-O-O Bd7 11. h4 Qe7 12. Nh3 O-O-O 13. Nf2 Nh5 14. Nd3 Nxd3+
15. Bxd3 f5 16. a3 Ng3 17. Rhe1 h5 18. Kb1 Bf6 19. c5 dxc5 20. d6 Qxd6 21. Ba6+
Kb8 22. Qxd6 cxd6 23. Rxd6 Bxh4 24. Rxb6+ Ka8 25. Bxc5 Bc8 26. Nd5 Bxa6 27.
Nc7+ Ka7 28. Rb5# 1-0

[Event "XXIX Memorial Edoardo Crespi A"]
[Site "Milano ITA"]
[Date "2008.12.08"]
[Round "3"]
[White "Iudicello, Giovanni"]
[Black "Melotti, Dario"]
[Result "1/2-1/2"]
[WhiteElo "2183"]
[BlackElo "2085"]
[PlyCount "55"]
[EventDate "2008.12.06"]

1. e4 e6 2. Qe2 c5 3. f4 Nf6 4. Nf3 d5 5. d3 Be7 6. g3 b5 7. Bg2 Bb7 8. Nbd2
Na6 9. O-O Nc7 10. c3 a5 11. Ne5 c4 12. d4 O-O 13. g4 Nxe4 14. Nxe4 dxe4 15.
Bxe4 Bxe4 16. Qxe4 f5 17. Qe2 fxg4 18. Qxg4 Rf5 19. Bd2 Bf6 20. Nf3 Qd5 21.
Rae1 Rf8 22. Rf2 g6 23. Rg2 b4 24. Rge2 a4 25. a3 bxa3 26. bxa3 Rb8 27. Ne5
Bxe5 28. Rxe5 1/2-1/2

[Event "XXIX Memorial Edoardo Crespi A"]
[Site "Milano ITA"]
[Date "2008.12.08"]
[Round "3"]
[White "Ljubicic, Filip"]
[Black "Bonanno, Alessandro"]
[Result "1/2-1/2"]
[WhiteElo "2415"]
[BlackElo "2125"]
[PlyCount "46"]
[EventDate "2008.12.06"]

1. e4 c5 2. c3 d5 3. exd5 Qxd5 4. d4 Nc6 5. Nf3 Bg4 6. Be2 O-O-O 7. Be3 e5 8.
c4 Qd7 9. d5 Bxf3 10. Bxf3 Nd4 11. Nc3 f5 12. g3 Nf6 13. Bg2 h6 14. f3 g5 15.
Qd2 f4 16. Bf2 g4 17. gxf4 gxf3 18. Bf1 Qf5 19. O-O-O h5 20. Bd3 e4 21. Bb1 Bh6
22. Bxd4 cxd4 23. Qxd4 Bxf4+ 1/2-1/2

[Event "XXIX Memorial Edoardo Crespi A"]
[Site "Milano ITA"]
[Date "2008.12.08"]
[Round "3"]
[White "Luppi, Sergio"]
[Black "Bozzali, Ermanno"]
[Result "0-1"]
[WhiteElo "1974"]
[BlackElo "2154"]
[PlyCount "64"]
[EventDate "2008.12.06"]

1. d4 e6 2. Nf3 f5 3. g3 Nf6 4. Bg2 d5 5. O-O Bd6 6. c4 c6 7. Qc2 O-O 8. b3 Qe7
9. Bf4 Bxf4 10. gxf4 Bd7 11. Nbd2 Be8 12. e3 Nbd7 13. c5 Bh5 14. b4 a6 15. a4
Ne4 16. Rab1 g5 17. Nxe4 fxe4 18. Nxg5 h6 19. Nh3 Kh8 20. f3 exf3 21. Bxf3 Qh4
22. Qe2 Bg6 23. Nf2 Bxb1 24. Rxb1 Nf6 25. Kh1 Rg8 26. a5 Rg7 27. Rg1 Rag8 28.
Rxg7 Rxg7 29. Nd3 h5 30. Qf2 Qh3 31. Bg2 Qf5 32. Qe2 Qg6 0-1

[Event "XXIX Memorial Edoardo Crespi A"]
[Site "Milano ITA"]
[Date "2008.12.08"]
[Round "3"]
[White "Mastroddi, Emiliano"]
[Black "Barlocco, Carlo"]
[Result "0-1"]
[WhiteElo "2069"]
[BlackElo "2144"]
[PlyCount "102"]
[EventDate "2008.12.06"]

1. e4 Nf6 2. Nc3 d5 3. e5 Nfd7 4. Nxd5 Nxe5 5. Nc3 Nbc6 6. Be2 Bf5 7. Nf3 e6 8.
d3 Be7 9. Bf4 Bf6 10. O-O O-O 11. Nxe5 Nxe5 12. Re1 Qd4 13. Bg3 Qb4 14. Rb1
Rfd8 15. a3 Qc5 16. Qc1 Rd7 17. Qe3 Qb6 18. Qxb6 cxb6 19. Bxe5 Bxe5 20. Bf3 Bf6
21. Ne4 Be7 22. Rbd1 Rc8 23. c3 b5 24. d4 Kf8 25. Nc5 Bxc5 26. dxc5 Rcd8 27.
Rxd7 Rxd7 28. Rd1 Rxd1+ 29. Bxd1 Be4 30. f3 Bc6 31. Kf2 e5 32. Be2 Ke7 33. c4
a6 34. Ke3 Ke6 35. g3 f5 36. h4 h6 37. Bd3 g5 38. hxg5 hxg5 39. Bc2 f4+ 40.
gxf4 gxf4+ 41. Kf2 e4 42. fxe4 Ke5 43. cxb5 axb5 44. Bd3 Kd4 45. Bc2 Bxe4 46.
Bxe4 Kxe4 47. b3 Kd4 48. Kf3 Kxc5 49. Kxf4 Kd4 50. b4 b6 51. Kf5 Kc3 0-1

[Event "XXIX Memorial Edoardo Crespi A"]
[Site "Milano ITA"]
[Date "2008.12.08"]
[Round "3"]
[White "Miatello, Alberto"]
[Black "Massironi, Marco"]
[Result "1-0"]
[WhiteElo "2007"]
[BlackElo "2169"]
[PlyCount "68"]
[EventDate "2008.12.06"]

1. e4 c5 2. Nf3 d6 3. d4 cxd4 4. Nxd4 Nf6 5. Nc3 a6 6. Bc4 e6 7. Bb3 Nbd7 8.
Bg5 Qa5 9. Bxf6 Nxf6 10. O-O Be7 11. f4 Bd7 12. f5 e5 13. Nf3 Bc6 14. Qe2 O-O
15. Kh1 b5 16. Nd5 Bxd5 17. exd5 Rac8 18. Nd4 exd4 19. Qxe7 Qb6 20. Qe2 Rfe8
21. Qf2 Re3 22. Rad1 a5 23. a4 bxa4 24. Bxa4 Nxd5 25. c3 Rc4 26. Rxd4 Rxd4 27.
cxd4 Qxd4 28. Qc2 Qc5 29. Qd2 Qc4 30. Rc1 Qxa4 31. Qxd5 Qe8 32. Qxa5 Re5 33.
Qd2 h6 34. Rf1 Re2 1-0

[Event "XXIX Memorial Edoardo Crespi A"]
[Site "Milano ITA"]
[Date "2008.12.08"]
[Round "3"]
[White "Movsziszian, Karen"]
[Black "Morchiashvili, Bachana"]
[Result "1-0"]
[WhiteElo "2558"]
[BlackElo "2411"]
[PlyCount "133"]
[EventDate "2008.12.06"]

1. g3 Nf6 2. Bg2 e6 3. d3 c5 4. e4 Nc6 5. f4 d5 6. e5 Nd7 7. Nf3 f6 8. exf6
Nxf6 9. O-O Bd6 10. c4 O-O 11. Re1 a6 12. Nbd2 Qc7 13. a3 Bd7 14. Qe2 Rae8 15.
Ne5 Nd4 16. Qd1 Bc6 17. Ndf3 Nxf3+ 18. Bxf3 Bxe5 19. Rxe5 Nd7 20. Re1 d4 21. b4
e5 22. Ra2 Re7 23. Rf2 Rfe8 24. Bxc6 Qxc6 25. fxe5 Nxe5 26. Ref1 cxb4 27. axb4
Qg6 28. Rf5 h6 29. Bb2 Ng4 30. Bxd4 Re2 31. Rf8+ Kh7 32. R8f7 Nxh2 33. Rxg7+
Qxg7 34. Bxg7 Kxg7 35. Qa1+ R8e5 36. Rf5 Nf3+ 37. Rxf3 Re1+ 38. Qxe1 Rxe1+ 39.
Kf2 Rb1 40. b5 axb5 41. c5 b4 42. Rf4 Kg6 43. Ke3 h5 44. Rd4 b3 45. Rb4 Kf5 46.
Rxb7 b2 47. Kd2 Kg4 48. d4 Kxg3 49. Kc2 Rc1+ 50. Kxb2 Rc4 51. Rd7 Kf4 52. Kb3
Rc1 53. Kb4 Ke4 54. Kb5 h4 55. Rh7 Rh1 56. c6 Kd5 57. Rd7+ Ke6 58. d5+ Ke5 59.
c7 Rc1 60. Kb6 h3 61. Rh7 Kxd5 62. Rxh3 Kd6 63. Rd3+ Ke7 64. Kb7 Rb1+ 65. Kc8
Rc1 66. Re3+ Kd6 67. Kd8 1-0

[Event "XXIX Memorial Edoardo Crespi A"]
[Site "Milano ITA"]
[Date "2008.12.08"]
[Round "3"]
[White "Nicolo', Filippo"]
[Black "Facchetti, Gianni"]
[Result "0-1"]
[WhiteElo "2094"]
[BlackElo "2154"]
[PlyCount "100"]
[EventDate "2008.12.06"]

1. e4 e5 2. Nf3 Nc6 3. d4 exd4 4. Nxd4 Bb4+ 5. c3 Be7 6. Bd3 Nf6 7. O-O d6 8.
f4 O-O 9. Nd2 Ng4 10. Qe2 Nh6 11. N2f3 Nxd4 12. cxd4 d5 13. e5 g6 14. Qc2 c6
15. Bd2 Be6 16. b4 Qd7 17. a4 Rac8 18. Qb2 Bf5 19. Be2 Be4 20. Rfc1 Rc7 21. Be1
Rfc8 22. Nd2 f5 23. Nb3 b6 24. a5 Nf7 25. axb6 axb6 26. Ra6 Rb8 27. Rca1 Nd8
28. Qd2 Ne6 29. g3 Kg7 30. Qa2 Rcb7 31. Qa4 Bc2 32. Rc1 Bxb3 33. Qxb3 Nxd4 34.
Qd3 Nxe2+ 35. Qxe2 Kf7 36. Qa2 Ke6 37. Ra8 Qc8 38. Rxb8 Rxb8 39. b5 c5 40. Rd1
Qd7 41. Qa6 Qb7 42. Rb1 Bd8 43. Qa2 Ra8 44. Qb3 Be7 45. Bf2 h5 46. h3 c4 47.
Qf3 Ra3 48. Qe2 Qa7 49. Rd1 Rb3 50. Rxd5 Kxd5 0-1

[Event "XXIX Memorial Edoardo Crespi A"]
[Site "Milano ITA"]
[Date "2008.12.08"]
[Round "3"]
[White "Pucovski, Miroslav"]
[Black "Trent, Lawrence"]
[Result "0-1"]
[WhiteElo "2343"]
[BlackElo "2470"]
[PlyCount "44"]
[EventDate "2008.12.06"]

1. e4 e5 2. Nf3 Nc6 3. Bc4 Nf6 4. d4 exd4 5. e5 Ng4 6. Qe2 Qe7 7. Bf4 d6 8.
exd6 Qxe2+ 9. Kxe2 Bxd6 10. Bxd6 cxd6 11. Bb5 Bd7 12. Bxc6 bxc6 13. Nxd4 c5 14.
Nb3 O-O-O 15. Nc3 Rhe8+ 16. Kf1 Ne5 17. Rd1 Nc4 18. h3 Bc6 19. Rb1 d5 20. Kg1
d4 21. Nd1 Rd5 22. Kh2 a5 0-1

[Event "XXIX Memorial Edoardo Crespi A"]
[Site "Milano ITA"]
[Date "2008.12.08"]
[Round "3"]
[White "Salmoiraghi, Angelo"]
[Black "Garano, Nicola"]
[Result "1-0"]
[WhiteElo "2122"]
[BlackElo "2251"]
[PlyCount "73"]
[EventDate "2008.12.06"]

1. e4 c5 2. Nc3 Nc6 3. g3 g6 4. Bg2 Bg7 5. d3 e5 6. f4 d6 7. Nce2 Nge7 8. Nf3
O-O 9. O-O h6 10. Nh4 exf4 11. gxf4 Bg4 12. h3 Bxe2 13. Qxe2 Nd4 14. Qf2 f5 15.
c3 Ndc6 16. Qg3 Kh7 17. exf5 gxf5 18. Kh2 Bf6 19. Bf3 Rf7 20. Qf2 Rg7 21. Be3
Qb6 22. b4 Nxb4 23. cxb4 Bxa1 24. Rxa1 Qxb4 25. Qc2 Rb8 26. Rb1 Qa5 27. Bd2 Qc7
28. Bc3 Rgg8 29. Re1 Rbf8 30. Re6 d5 31. Be5 Qd7 32. Rd6 Qc8 33. Bh5 b6 34. Qe2
c4 35. Bd4 Qc7 36. Qe6 Qxd6 37. Qxd6 1-0

[Event "XXIX Memorial Edoardo Crespi A"]
[Site "Milano ITA"]
[Date "2008.12.08"]
[Round "3"]
[White "Solodovnichenko, Yuri"]
[Black "Kasparova, Tatiana"]
[Result "1-0"]
[WhiteElo "2590"]
[BlackElo "2185"]
[PlyCount "87"]
[EventDate "2008.12.06"]

1. d4 Nf6 2. c4 d6 3. Nc3 e5 4. Nf3 Nbd7 5. e4 c6 6. Be2 g6 7. O-O Bg7 8. Re1
O-O 9. Bf1 Qc7 10. Rb1 a6 11. b4 b6 12. a3 Re8 13. Bd2 Bb7 14. d5 c5 15. Na4
Reb8 16. Nc3 Qd8 17. Qc2 Qf8 18. Rb3 cxb4 19. axb4 Bh6 20. Ng5 Ne8 21. Na4 Rc8
22. Nxh7 Qg7 23. Ng5 b5 24. Nb2 bxc4 25. Nxc4 Nb6 26. Rc3 Nxc4 27. Bxc4 Nf6 28.
Rf3 Rc7 29. Qd3 Bc8 30. Ne6 fxe6 31. Bxh6 Qxh6 32. Rxf6 Qg7 33. Rf3 Qe7 34.
dxe6 Bxe6 35. Bxa6 Rb8 36. Qd2 Kg7 37. Bf1 Rcb7 38. Rb1 Qh4 39. Qxd6 Qxe4 40.
Qxe6 Qxb1 41. Qf6+ Kg8 42. Rh3 Rg7 43. Qe6+ Rf7 44. Qxe5 1-0

[Event "XXIX Memorial Edoardo Crespi A"]
[Site "Milano ITA"]
[Date "2008.12.08"]
[Round "3"]
[White "Stella, Andrea"]
[Black "Burlando, Alessandro"]
[Result "1/2-1/2"]
[WhiteElo "2234"]
[BlackElo "2162"]
[PlyCount "22"]
[EventDate "2008.12.06"]

1. d4 Nf6 2. c4 g6 3. Nc3 Bg7 4. e4 d6 5. Nge2 O-O 6. Ng3 Nc6 7. d5 Ne5 8. Be2
c6 9. O-O a6 10. a4 Bd7 11. f4 Qb6+ 1/2-1/2

[Event "XXIX Memorial Edoardo Crespi A"]
[Site "Milano ITA"]
[Date "2008.12.08"]
[Round "3"]
[White "Tahirovic, Adnan"]
[Black "Rettore, Ludwig"]
[Result "1-0"]
[WhiteElo "1938"]
[BlackElo "2171"]
[PlyCount "67"]
[EventDate "2008.12.06"]

1. e4 c5 2. Nf3 e6 3. d3 Nc6 4. g3 d6 5. Bg2 g6 6. Nbd2 Bg7 7. O-O Nge7 8. c3
O-O 9. Re1 Rb8 10. a4 a6 11. Nb3 e5 12. Be3 f5 13. Qd2 b5 14. axb5 Rxb5 15. Ra3
Be6 16. Qc2 Qb8 17. c4 Rb6 18. Bd2 fxe4 19. dxe4 Bg4 20. Qd3 h6 21. h3 Be6 22.
Rea1 Kh7 23. Qc2 Bxh3 24. Ng5+ hxg5 25. Bxh3 Rf3 26. Be3 Nd4 27. Nxd4 exd4 28.
Bc1 Rxa3 29. Rxa3 Nc6 30. Be6 g4 31. Qd1 Ne5 32. Kg2 Bf6 33. Qh1+ Kg7 34. Qh6#
1-0

[Event "XXIX Memorial Edoardo Crespi A"]
[Site "Milano ITA"]
[Date "2008.12.08"]
[Round "4"]
[White "Borin, Fabio"]
[Black "Gamboa, Miguel"]
[Result "1/2-1/2"]
[WhiteElo "2130"]
[BlackElo "2231"]
[PlyCount "93"]
[EventDate "2008.12.06"]

1. d4 Nf6 2. c4 g6 3. Nc3 Bg7 4. e4 d6 5. Nge2 O-O 6. Ng3 c5 7. d5 a6 8. a4 e6
9. Be2 exd5 10. cxd5 Nbd7 11. Bg5 Qc7 12. Qd2 Rb8 13. Bh6 c4 14. Bxg7 Kxg7 15.
Qd4 b5 16. axb5 axb5 17. Qa7 Qxa7 18. Rxa7 Nc5 19. f3 h5 20. Kd2 Nb3+ 21. Kc2
Nd4+ 22. Kd2 Re8 23. Bd1 h4 24. Nge2 Nxe2 25. Nxe2 Nd7 26. Nd4 Nc5 27. Bc2 Bd7
28. b4 cxb3 29. Nxb3 Nxb3+ 30. Bxb3 Red8 31. Rc1 Ra8 32. Rcc7 Rxa7 33. Rxa7 Be8
34. f4 Kf6 35. g4 g5 36. e5+ Kg7 37. exd6 Rxd6 38. fxg5 Bd7 39. Rb7 Kg6 40. Ke3
Kxg5 41. Ke4 Bxg4 42. Rxb5 f6 43. Rb8 Bf5+ 44. Kf3 Rd7 45. Rg8+ Bg6 46. Bc2 f5
47. Bb3 1/2-1/2

[Event "XXIX Memorial Edoardo Crespi A"]
[Site "Milano ITA"]
[Date "2008.12.08"]
[Round "4"]
[White "Bove, Alessandro"]
[Black "Movsziszian, Karen"]
[Result "0-1"]
[WhiteElo "2246"]
[BlackElo "2558"]
[PlyCount "100"]
[EventDate "2008.12.06"]

1. e4 g6 2. d4 Bg7 3. Nc3 d6 4. Be3 a6 5. Qd2 Nd7 6. h4 h5 7. Bc4 b5 8. Bb3 e6
9. Bg5 Ne7 10. O-O-O c5 11. dxc5 dxc5 12. Bxe6 fxe6 13. Qd6 Rh7 14. Qxe6 Bxc3
15. bxc3 Qa5 16. Bxe7 Rxe7 17. Qxg6+ Kd8 18. Rh3 Qxa2 19. Rf3 Qe6 20. Qxh5 Kc7
21. Rfd3 Bb7 22. Nf3 Bxe4 23. Ng5 Qg6 24. Qxg6 Bxg6 25. Rd6 Bf5 26. f3 Re2 27.
R1d2 Rxd2 28. Rxd2 Nf6 29. g4 Bd7 30. Nf7 Re8 31. Rd6 Re6 32. Rxe6 Bxe6 33. Ng5
Bg8 34. h5 Kd6 35. h6 Ke5 36. Nh3 Bh7 37. Kb2 c4 38. Ng5 Kf4 39. Ne6+ Kxf3 40.
g5 Ne4 41. Ka3 Ke3 42. Kb4 Kd2 43. Ka5 Kxc3 44. Kxa6 b4 45. Nf4 Kxc2 46. g6
Bxg6 47. Nxg6 Nf6 48. Ne5 c3 49. Ka5 b3 50. Ka4 b2 0-1

[Event "XXIX Memorial Edoardo Crespi A"]
[Site "Milano ITA"]
[Date "2008.12.08"]
[Round "4"]
[White "Burlando, Alessandro"]
[Black "Salmoiraghi, Angelo"]
[Result "1-0"]
[WhiteElo "2162"]
[BlackElo "2122"]
[PlyCount "75"]
[EventDate "2008.12.06"]

1. d4 Nf6 2. c4 e6 3. Nf3 b6 4. a3 c5 5. d5 Ba6 6. Qc2 exd5 7. cxd5 d6 8. Nc3
Nbd7 9. g3 Be7 10. Bg2 O-O 11. a4 Bb7 12. e4 Ng4 13. O-O a6 14. Nd2 Ngf6 15. f4
Ne8 16. Nc4 Bf6 17. Re1 Qb8 18. Qb3 Bc8 19. Be3 Ra7 20. Rad1 Rb7 21. Qc2 Bd8
22. e5 b5 23. axb5 axb5 24. Nxd6 Nxd6 25. exd6 f5 26. Bf2 Qxd6 27. Re6 Qb8 28.
d6 Rb6 29. b4 cxb4 30. Nd5 Rxd6 31. Rxd6 Qxd6 32. Qxc8 Bb6 33. Qxd7 Bxf2+ 34.
Kxf2 Qxd7 35. Nf6+ Rxf6 36. Rxd7 Ra6 37. Bd5+ Kf8 38. Rb7 1-0

[Event "XXIX Memorial Edoardo Crespi A"]
[Site "Milano ITA"]
[Date "2008.12.08"]
[Round "4"]
[White "Calella, Sergio"]
[Black "Nicolo', Filippo"]
[Result "0-1"]
[WhiteElo "2132"]
[BlackElo "2094"]
[PlyCount "80"]
[EventDate "2008.12.06"]

1. e4 c5 2. Nf3 a6 3. d4 cxd4 4. Nxd4 Nf6 5. Nc3 e5 6. Nf5 d5 7. Ng3 d4 8. Nb1
Nc6 9. Bd3 Bb4+ 10. Bd2 Bc5 11. O-O Bg4 12. f3 Bd7 13. f4 h5 14. fxe5 Ng4 15.
Nf5 Ncxe5 16. Nxg7+ Kf8 17. Nf5 Bxf5 18. Rxf5 Qh4 19. h3 Ne3 20. Bxe3 dxe3 21.
Qe2 Ng4 22. Rxc5 Qg3 23. Qf3 Qh2+ 24. Kf1 Qh1+ 25. Ke2 Nh2 26. Qxe3 Qxg2+ 27.
Qf2 Qxh3 28. Nd2 Ng4 29. Qf3 Qh2+ 30. Kd1 Qg1+ 31. Ke2 Qxc5 32. Rf1 Rh7 33. Qf4
Qe5 34. Nc4 Qxf4 35. Rxf4 Ke7 36. Nb6 Rd8 37. Nd5+ Kf8 38. Bc4 Rh6 39. Nc7 Rf6
40. Ne6+ fxe6 0-1

[Event "XXIX Memorial Edoardo Crespi A"]
[Site "Milano ITA"]
[Date "2008.12.08"]
[Round "4"]
[White "Cazzaniga, Walter"]
[Black "Ljubicic, Filip"]
[Result "0-1"]
[WhiteElo "2160"]
[BlackElo "2415"]
[PlyCount "62"]
[EventDate "2008.12.06"]

1. d4 Nf6 2. c4 e6 3. Nf3 d5 4. Nc3 Be7 5. Bg5 O-O 6. e3 h6 7. Bh4 b6 8. Be2
Bb7 9. Bxf6 Bxf6 10. cxd5 exd5 11. b4 Qe7 12. Qb3 a5 13. bxa5 Rxa5 14. a4 Nd7
15. O-O Rfa8 16. Rab1 g6 17. Rfc1 Bg7 18. Ne1 c6 19. Nd3 Qd6 20. Bg4 Ba6 21.
Nb4 Bc4 22. Qd1 Nf6 23. Bf3 b5 24. axb5 cxb5 25. Qd2 h5 26. Nd3 Nd7 27. Nf4 Nb6
28. g3 b4 29. Qb2 Bf8 30. Kg2 R8a6 31. Nce2 Ra2 0-1

[Event "XXIX Memorial Edoardo Crespi A"]
[Site "Milano ITA"]
[Date "2008.12.08"]
[Round "4"]
[White "Facchetti, Gianni"]
[Black "Damia, Angelo"]
[Result "0-1"]
[WhiteElo "2154"]
[BlackElo "2221"]
[PlyCount "86"]
[EventDate "2008.12.06"]

1. e4 Nf6 2. e5 Nd5 3. d4 d6 4. exd6 cxd6 5. Be2 g6 6. Bf3 Nb6 7. Ne2 Bg7 8. c3
Nc6 9. a4 a5 10. Na3 O-O 11. Nb5 Na7 12. Nxa7 Rxa7 13. O-O d5 14. b3 Na8 15.
Re1 b6 16. Nf4 Rd7 17. Nd3 Qc7 18. Bd2 Ba6 19. Ne5 Rdd8 20. Rc1 f6 21. Ng4 Rfe8
22. h4 e6 23. Bh6 Bxh6 24. Nxh6+ Kg7 25. Ng4 h5 26. Ne3 Qd6 27. g3 Nc7 28. Ng2
e5 29. Ne3 e4 30. Bxh5 f5 31. Be2 f4 32. gxf4 Bc8 33. Bg4 Qxf4 34. Bxc8 Rf8 35.
Rc2 Rxc8 36. Qg4 Qxg4+ 37. Nxg4 Rf4 38. Ne3 Rxh4 39. Kg2 Ne6 40. Nxd5 Nxd4 41.
Rb2 Nf3 42. Rh1 Rg4+ 43. Kf1 Rh8 0-1

[Event "XXIX Memorial Edoardo Crespi A"]
[Site "Milano ITA"]
[Date "2008.12.08"]
[Round "4"]
[White "Garano, Nicola"]
[Black "Battistella, Stefano"]
[Result "0-1"]
[WhiteElo "2251"]
[BlackElo "2088"]
[PlyCount "80"]
[EventDate "2008.12.06"]

1. e4 e5 2. Nc3 Nf6 3. g3 Bc5 4. Bg2 Nc6 5. Nge2 h5 6. h3 a6 7. d3 h4 8. g4 d6
9. Bg5 Bxf2+ 10. Kxf2 Nxg4+ 11. hxg4 Qxg5 12. Qg1 Nd4 13. Nxd4 exd4 14. Ne2
Bxg4 15. Ke1 Qh5 16. Nf4 Qa5+ 17. Kf1 Rh6 18. Bh3 Bxh3+ 19. Rxh3 Rf6 20. Rxh4
g5 21. Rh8+ Kd7 22. Rxa8 Qd2 23. Qg4+ Kc6 24. Qxg5 Rxf4+ 25. Qxf4 Qxf4+ 26. Kg1
Qg3+ 27. Kf1 Qh2 28. Rg8 Qxc2 29. Rg2 Qxd3+ 30. Kg1 Qxe4 31. Rd1 Kb6 32. Rgd2
c5 33. Rd3 f5 34. Kf2 f4 35. R1d2 Kc6 36. a4 b5 37. a5 Kd5 38. b4 Kc4 39. bxc5
dxc5 40. Rf3 Qe3+ 0-1

[Event "XXIX Memorial Edoardo Crespi A"]
[Site "Milano ITA"]
[Date "2008.12.08"]
[Round "4"]
[White "Kasparova, Tatiana"]
[Black "Valenti, Giuseppe"]
[Result "1-0"]
[WhiteElo "2185"]
[BlackElo "2162"]
[PlyCount "79"]
[EventDate "2008.12.06"]

1. e4 c5 2. Nf3 e6 3. d3 Nc6 4. g3 Nf6 5. Bg2 d5 6. Nbd2 Be7 7. O-O O-O 8. e5
Nd7 9. Re1 Qc7 10. Qe2 b5 11. Nf1 a5 12. Bf4 a4 13. h4 b4 14. a3 Ba6 15. N1h2
c4 16. dxc4 Bxc4 17. Qd1 bxa3 18. bxa3 Rfb8 19. Ng4 Qa7 20. Ne3 Na5 21. Ng5 Nf8
22. Qh5 Bc5 23. Ng4 Qe7 24. Nf3 Nd7 25. Bg5 Qf8 26. Nh6+ Kh8 27. Nxf7+ Kg8 28.
Nd6 Bxd6 29. exd6 Qf7 30. Qxf7+ Kxf7 31. Bh3 Nc5 32. Be3 Ne4 33. Ne5+ Ke8 34.
Bxe6 Nxd6 35. Nxc4 dxc4 36. Bf4 Nab7 37. Bxc4+ Kd7 38. Rad1 Ra5 39. Be6+ Kc7
40. Bd5 1-0

[Event "XXIX Memorial Edoardo Crespi A"]
[Site "Milano ITA"]
[Date "2008.12.08"]
[Round "4"]
[White "Loehnhardt, Benjamin"]
[Black "Luppi, Sergio"]
[Result "1-0"]
[WhiteElo "2113"]
[BlackElo "1974"]
[PlyCount "77"]
[EventDate "2008.12.06"]

1. e4 g6 2. d4 Bg7 3. Be3 d6 4. Nc3 a6 5. Bc4 e6 6. Qd2 h6 7. f3 b6 8. Nge2 Bb7
9. h4 Nd7 10. Bb3 Ne7 11. Nf4 Nf8 12. a4 Qd7 13. h5 g5 14. Nfe2 Nh7 15. Ng3
O-O-O 16. O-O-O Rhf8 17. f4 f6 18. Rhf1 Kb8 19. d5 e5 20. f5 Rfe8 21. Qe2 Nf8
22. Bc4 Qc8 23. Bg1 Nd7 24. Qe3 Ka8 25. Qe2 Bf8 26. Rf3 c5 27. dxc6 Nxc6 28.
Nd5 Nd4 29. Bxd4 exd4 30. Rxd4 Qc5 31. Rd1 Ka7 32. Rc3 Qa5 33. Nc7 Re5 34. Bxa6
Bxa6 35. Nxa6 Qxa6 36. Rc7+ Qb7 37. Rxb7+ Kxb7 38. Rd5 Rde8 39. Qb5 1-0